Best AFL players of each club - Statistics

General Stats
  • This quiz has been taken 43 times
  • The average score is 29 of 90
Answer Stats
Team Rank Player % Correct
Brisbane 2 Lachie Neale
70%
Western Bulldogs 1 Marcus Bontempelli
70%
Carlton 1 Patrick Cripps
70%
Adelaide 3 Taylor Walker
67%
Richmond 1 Dustin Martin
64%
Geelong 1 Gary Ablett Jr
64%
Gold Coast 1 Gary Ablett Jr
64%
Geelong 2 Gary Ablett Sr
64%
GWS 5 Jeremy Cameron
64%
GWS 2 Toby Greene
64%
Adelaide 5 Rory Sloane
61%
Sydney 3 Lance Franklin
58%
Fremantle 1 Nat Fyfe
58%
Geelong 5 Patrick Dangerfield
58%
Collingwood 3 Peter Daicos
58%
West Coast 1 Chris Judd
55%
Collingwood 1 Scot Pendlebury
55%
Essendon 1 James Hird
52%
Brisbane 4 Simon Black
52%
Brisbane 5 Dayne Zorko
48%
Richmond 5 Jack Riewoldt
48%
Hawthorn 2 Luke Hodge
48%
Brisbane 3 Michael Voss
48%
St Kilda 1 Tony Lockett
48%
Adelaide 1 Andrew Mcleod
45%
West Coast 2 Ben Cousins
45%
Geelong 4 Joel Selwood
45%
Brisbane 1 Jonathan Brown
45%
St Kilda 2 Nick Riewoldt
45%
Fremantle 4 David Mundy
42%
Fremantle 2 Matthew Pavlich
42%
Collingwood 4 Gordon Coventry
39%
GWS 4 Josh Kelly
39%
Collingwood 2 Nathan Buckley
39%
St Kilda 5 Robert Harvey
39%
North Melbourne 1 Wayne Carey
39%
Hawthorn 3 Jason Dunstall
36%
Geelong 3 Jimmy Bartel
36%
Essendon 3 John Coleman
36%
Hawthorn 1 Leigh Matthews
36%
Melbourne 1 Norm Smith
36%
Port Adelaide 4 Roby Gray
36%
Gold Coast 4 Aaron Hall
33%
Sydney 1 Barry Hall
33%
Gold Coast 3 David Swallow
33%
Western Bulldogs 4 Doug Hawkins
33%
Fremantle 5 Michael Walters
30%
Carlton 2 Stephen Silvagni
30%
Sydney 5 Adam Goodes
27%
Essendon 4 Barry Davis
27%
West Coast 4 Dean Cox
27%
Port Adelaide 1 Gavin Wanganeen
27%
Richmond 3 Matthew Richardson
27%
Gold Coast 5 Steven May
27%
Sydney 2 Isaac Heeny
24%
Western Bulldogs 2 Ted Whitten
24%
Fremantle 3 Aaron Sandilands
21%
Western Bulldogs 5 Adam Treloar
21%
Melbourne 5 Jim Stynes
21%
Hawthorn 4 Michael Tuck
21%
West Coast 5 Peter Matera
21%
Melbourne 2 Ron Barassi
21%
Port Adelaide 3 Warren Tredrea
21%
St Kilda 4 Bradley Hill
18%
Port Adelaide 5 Connor Rozee
18%
Essendon 5 Kevin Sheedy
18%
GWS 1 Tom Boyd
18%
North Melbourne 3 Malcom Blight
15%
West Coast 3 Daniel Kerr
12%
Adelaide 4 Mark Bickley
12%
Essendon 2 Bill Hutchison
9%
Carlton 5 Bruce Doull
9%
Western Bulldogs 3 Chris Grant
9%
St Kilda 3 Ian Stewart
9%
Richmond 4 Jack Dyer
9%
Adelaide 2 Mark Ricchiuto
9%
Port Adelaide 2 Travis Boke
9%
Collingwood 5 Bob Rose
6%
Carlton 4 Craig Bradley
6%
Hawthorn 5 Gary Ayres
6%
Gold Coast 2 Adam Saad
3%
North Melbourne 5 Allen Aylett
3%
Richmond 2 Dale Weightman
3%
GWS 3 Dean Brogan
3%
Melbourne 3 Ian Ridley
3%
North Melbourne 4 John Dugdale
3%
Carlton 3 John Nicholls
3%
North Melbourne 2 Keith Greig
3%
Melbourne 4 Noel McMahen
3%
Sydney 4 Tom Papley
3%
No matching quizzes found
Score Distribution
Percent of People with Each Score
Percentile by Number Answered
Your Score History
You have not taken this quiz